[Event "Tel Aviv ASA"]
[Site "Tel Aviv"]
[Date "1995.??.??"]
[Round "7"]
[White "Bykhovsky, Anatoly A"]
[Black "Gofshtein, Leonid D"]
[Result "1-0"]
[WhiteElo "2420"]
[BlackElo "2465"]
[Annotator "Mowsziszian,K"]
[PlyCount "45"]
[EventDate "1995.??.??"]
[EventType "tourn"]
[EventRounds "9"]
[EventCountry "ISR"]
[EventCategory "10"]
[SourceTitle "CBM 050"]
[Source "ChessBase"]
[SourceDate "1996.02.01"]
[SourceVersion "1"]
[SourceVersionDate "1996.02.01"]
[SourceQuality "1"]

1. d4 Nf6 2. c4 e6 3. Nf3 b6 4. g3 Ba6 5. b3 d5 6. Bg2 dxc4 7. Ne5 Bb4+ 8. Kf1
$8 (8. Bd2 $2 Qxd4 9. Bxb4 Qxa1 10. Bxa8 (10. Nc6 Nbd7 $17) 10... Qxe5 $17 {
/\c5,O-O}) 8... c6 9. bxc4 (9. Nxc6 Nxc6 10. Bxc6+ Ke7 11. Bxa8 (11. bxc4 $6
Bxc4 12. Qa4 a5 13. a3 b5 $1 14. Bxb5 Qxd4 $15) 11... Qxa8 12. f3 Rd8 13. Ba3
Bxa3 14. Nxa3 c3 $1 $44 {/\Qf3+,Ng4} (14... Ng4 $2 15. Qd2 {/\Qg5+}) (14...
cxb3 15. Qxb3 Rxd4 16. Kf2 $16) 15. Kf2 e5 $40 {><d4}) (9. Nxc4 O-O 10. Bb2 Qc7
11. Nbd2 Nbd7 $10 12. Ne4 Be7 {1-0 Epishin,V-Beliavsky,A/Novosibirsk (05) ;CBM
36 1993 (54)}) 9... O-O 10. Bb2 Bd6 (10... Qc7 11. Qc2 Rd8 12. Nd3 Ba5 (12...
Be7 13. Nd2 Nbd7 14. e4 $16) 13. Na3 Nbd7 14. Bf3 Rac8 15. e4 c5 16. e5 cxd4
17. exf6 Nxf6 $44 {Kurajica-Karpov/Bugojno/1980}) 11. Nd2 (11. Nxc6 $2 Nxc6 12.
Bxc6 Bxc4 13. Bxa8 Qxa8 $44 14. f3 $4 Qxf3+ $1) 11... Qc7 12. Qc2 $14 {[+]} Bb7
13. Nd3 c5 14. dxc5 Bxg2+ 15. Kxg2 Bxc5 16. Bxf6 gxf6 17. Nxc5 (17. Ne4 $5 Bd4
(17... Be7 18. Qc3 Qc6 (18... f5 19. Nf6+ Bxf6 20. Qxf6 Qxc4 21. Ne5 Qd5+ 22.
e4 Qxe4+ 23. f3 Qc2+ 24. Kh3 Na6 25. Rac1 $44) 19. f3 f5 20. Nf6+ Bxf6 21. Qxf6
Qxc4 22. Rhc1 $16 {/\Rc7}) (17... Nd7 18. Ndxc5 $1 bxc5 19. Rhd1 $16 {/\Rd7><f6
}) 18. Rad1 f5 19. Nf4 $40) 17... Qxc5 18. Rhd1 (18. Ne4 $5 Qf5 19. h4 $1 Nc6
20. h5 Nd4 (20... Nb4 21. Qb1 $16 {/\Rh4}) 21. Qd3 Rfd8 22. Rh4 $1 $16 {><f6})
18... Nc6 19. Ne4 Qf5 20. f3 Rfd8 21. Qc3 e5 $2 {><d5} (21... Kg7 22. g4 (22.
c5 bxc5 23. Qxc5 Qxc5 24. Nxc5 $10) 22... Qe5 $10 23. Qe3 $6 Na5 $1 $15) 22.
Rd5 Nd4 $2 (22... Qe6 23. Rad1 $16 Nd4 $2 24. e3 $1 $18) 23. Qxd4 $1 1-0

[Event "Asia-ch 5th"]
[Site "Hyderabad"]
[Date "2005.10.10"]
[Round "5"]
[White "Wang, Rui"]
[Black "Sandipan, Chanda"]
[Result "1/2-1/2"]
[WhiteElo "2474"]
[BlackElo "2560"]
[Annotator "Mueller,Karsten"]
[PlyCount "222"]
[EventDate "2005.10.05"]
[EventType "swiss"]
[EventRounds "9"]
[EventCountry "IND"]
[SourceTitle "CBM 110"]
[Source "ChessBase"]
[SourceDate "2006.01.31"]
[SourceVersion "1"]
[SourceVersionDate "2006.01.31"]
[SourceQuality "1"]

1. d4 Nf6 2. c4 e6 3. Nf3 b6 4. g3 Ba6 5. Qa4 Bb7 6. Bg2 c5 7. dxc5 Bxc5 8. O-O
O-O 9. Nc3 Be7 10. Bf4 Na6 11. Rad1 Nc5 12. Qc2 Nce4 13. Ne5 Nxc3 14. Bxb7 Nxd1
15. Rxd1 Rb8 16. Nc6 dxc6 17. Rxd8 Rbxd8 18. Bxc6 Bd6 19. Bg5 Rc8 20. Qa4 Rc7
21. Bxf6 gxf6 22. Be4 Be5 23. b3 Rd8 24. Bd3 Kg7 25. Qb4 Rd4 26. Qd2 Rcd7 27.
Qe3 a5 28. Kg2 Bc7 29. h3 Bd8 30. Qf3 Be7 31. Qh5 h6 32. Qb5 Rb7 33. Qc6 Rdd7
34. g4 Bc5 35. Qe4 Rxd3 36. Qxd3 Rc7 37. Qd2 Rc6 38. Qb2 e5 39. e3 Rc8 40. Kf3
Be7 41. Ke4 Rd8 42. h4 Kg6 43. Qc2 Kg7 44. Kf3 Rd6 45. c5 Rc6 46. Qe4 Rxc5 47.
Qb7 Bd8 48. Qd7 Bc7 49. a3 Rc3 50. Ke4 Rc5 51. Kf5 Rc2 52. f3 Rc3 53. Ke4 Rc5
54. b4 axb4 55. axb4 Rc4+ 56. Kf5 Rc3 57. b5 Rc5 58. h5 e4+ 59. Kxe4 Rc4+ 60.
Kd3 Rc5 61. f4 Bb8 62. Kd4 Bc7 63. Qe7 Bb8 64. Qd7 Bc7 65. Qe8 Bd6 66. Qd8 Bc7
67. Qd7 Rc1 68. Qe7 Bd6 69. Qd8 Bc7 70. Qe8 Rc5 71. Qe7 Bb8 72. Ke4 Rc4+ 73.
Kf3 Rc5 74. g5 fxg5 75. fxg5 Rxg5 76. Qd8 Rxb5 $5 {Schwarz gibt einfach den
Läufer auf, um eine uneinnehmbare Festung zu errichten:} 77. Qxb8 Rxh5 78. Qxb6
Rg5 79. Qb2+ Kg8 80. Kf4 Rg6 81. e4 Re6 82. Qb8+ Kg7 83. Qd8 Rg6 84. e5 Re6 85.
Kf5 Rg6 86. Ke4 Re6 87. Kd5 Rg6 88. Qd6 {[%tqu "De","Welcher Zug hielt das Tor
der schwarzen Festung geschlossen?","","","g6e6","",3,"g6d6","",0]} Re6 $1 {
[%mdl 256]} (88... Rxd6+ $2 89. exd6 Kf6 90. Kc6 $18) 89. Kc6 Rg6 90. Kd7 Re6
91. Qd4 Kh7 92. Qc3 Kg7 93. Qb2 Kh7 94. Qb8 Kg7 $1 95. Qb2 Kh7 96. Qf2 Kg7 97.
Qe3 Rg6 98. Qf3 Re6 99. Qc3 Kh7 100. Qg3 Rg6 101. Qf4 Kg7 102. Qe4 Re6 103. Qf5
Rg6 104. Qh3 Re6 105. Qg4+ Rg6 106. Qf5 Re6 107. Qxe6 fxe6 108. Kxe6 h5 109.
Kd7 h4 110. e6 h3 111. e7 h2 1/2-1/2

[Event "Minneapolis HB Global op"]
[Site "Minneapolis"]
[Date "2005.05.22"]
[Round "8"]
[White "Beliavsky, Alexander G"]
[Black "Izoria, Zviad"]
[Result "0-1"]
[WhiteElo "2630"]
[BlackElo "2602"]
[Annotator "Mueller,Karsten"]
[PlyCount "122"]
[EventDate "2005.05.18"]
[EventType "swiss"]
[EventRounds "9"]
[EventCountry "USA"]
[SourceTitle "CBM 107"]
[Source "ChessBase"]
[SourceDate "2005.08.01"]
[SourceVersion "1"]
[SourceVersionDate "2005.08.01"]
[SourceQuality "1"]

{[%mdl 2]} 1. d4 Nf6 2. c4 e6 3. Nf3 d5 4. g3 Bb4+ 5. Bd2 Be7 6. Bg2 O-O 7. O-O
c6 8. Qc2 b6 9. Rd1 Ba6 10. b3 Nbd7 11. Bf4 Rc8 12. Nc3 Qe8 13. e4 dxc4 14. h3
Bb4 15. Re1 h6 16. bxc4 Bxc4 17. a3 Be7 18. Nd2 Ba6 19. Qa4 Bd3 20. Re3 Bb5 21.
Nxb5 cxb5 22. Qxa7 g5 23. Bc7 Ra8 24. Qb7 Qc8 25. Qxc8 Raxc8 26. Be5 Nxe5 27.
dxe5 Nd7 28. Nf3 Rc5 29. Rb3 Nxe5 30. Nxe5 Rxe5 31. Rab1 Rd8 32. Rxb5 Rxb5 33.
Rxb5 Bc5 {Es sieht auf den ersten Blick nach nicht viel aus. Doch Izoria weist
im Folgenden instruktiv nach, dass Weiß vor schwierigen Problemen steht:} 34.
Rb3 Rd2 35. Rf3 Ra2 36. Bf1 Bxa3 (36... Rxa3 $4 37. Rxa3 Bxa3 {wäre natürlich
total remis.}) 37. Bc4 Ra1+ 38. Kg2 Bc5 39. Rc3 Re1 40. Kf3 Kg7 41. Rc2 h5 42.
Rd2 Rc1 43. Be2 Kf6 44. Kg2 h4 45. gxh4 gxh4 46. Rd7 Rc2 47. Kf1 Kg6 48. e5 $6
(48. Rb7 {gefällt mir besser.}) 48... Rb2 49. f4 $2 (49. Rd3 {sollte zwar
langfristig auch verlieren, ist aber viel zäher.}) 49... Rb4 50. Bd3+ f5 51.
exf6+ Kxf6 52. f5 exf5 53. Rh7 Rf4+ 54. Ke2 Rf2+ 55. Ke1 Rf3 56. Bf1 Kg5 57.
Rh5+ Kxh5 58. Be2 Kg5 59. Bxf3 Kf4 60. Bc6 Kg3 61. Bd7 f4 (61... f4 62. Kf1 f3
63. Bc6 b5 64. Bxb5 Kxh3 65. Bd7+ Kg3 $19 {[%cal Gh4h1]}) 0-1

[Event "FIDE-Wch k.o."]
[Site "Moscow"]
[Date "2001.11.29"]
[Round "2.1"]
[White "Nielsen, Peter Heine"]
[Black "Anand, Viswanathan"]
[Result "0-1"]
[WhiteElo "2620"]
[BlackElo "2770"]
[Annotator "Nielsen,Peter Heine"]
[PlyCount "66"]
[EventDate "2001.11.27"]
[EventType "k.o."]
[EventRounds "7"]
[EventCountry "RUS"]
[SourceTitle "CBM 086"]
[Source "ChessBase"]
[SourceDate "2002.02.05"]
[SourceVersion "1"]
[SourceVersionDate "2002.02.05"]
[SourceQuality "1"]

1. d4 Nf6 2. c4 e6 3. Nf3 b6 4. g3 Ba6 5. b3 Bb4+ 6. Bd2 Be7 7. Bg2 c6 8. O-O
d5 9. Qc2 Nbd7 10. Rd1 Rc8 11. Bf4 c5 12. dxc5 Bxc5 13. Nc3 $1 {An interesting
novelty, questoning the value of the popular idea of playing Rc8 before
castling.} O-O 14. e4 $1 {14 Qb2 transposes to Van-Wely- Polgar 2001, where 14.
..Bb4! gave black an edge.} Ng4 {The only critical response. 14...dxc4 15 e5!
is just bad for black.} 15. exd5 $5 {The point of whites play. This had been
carefully studie by Schandoff, S.B. Hansen and me before the WCC. We concluded
black was already in serious trouble.} Nxf2 16. Rf1 e5 (16... Nh3+ 17. Kh1 Nxf4
18. gxf4 exd5 19. Ng5 Nf6 20. Nxd5 g6 21. Rad1 {Is killing. Qc3-h3 is coming,})
17. Bc1 {17 Bg5 Nh3+ doesn't work, but the retreat is fine. Should white
manage to consolidate, his position will be positionally winning.} e4 18. Nh4
e3 {This was missed in our preperations, but still it doesn't change the
evaluation of the position. The idea is that black now has Nh3+ as taking it
allows e2+ winning an exchange. Still white gets fantastic compensation in
many lines.} (18... Qf6 19. Bb2 Nd1+ 20. Kh1 Ne3 {Wins the exchange, but after}
21. Qe2 Nxf1 22. Rxf1 Qd8 23. Nxe4 {White has a huge attack. Probably simply
winning. Ba6 is dead, and all whites pieces points in the right direction.})
19. Na4 Bd4 (19... Nh3+ 20. Bxh3 e2+ 21. Nxc5 exf1=Q+ 22. Bxf1 Nxc5 23. Bb2 {
Might not be as convincing as the previous exchange sacrife, but still good
enough. Blacks only chance might be tactical ideaswith b5, but immediately it
fails to} b5 24. Nf5 bxc4 25. Bxg7) 20. Bb2 (20. Rb1 {Wasn't great as} Nh3+ 21.
Bxh3 (21. Kh1 Nf2+) 21... e2+ 22. Kh1 exf1=Q+ 23. Bxf1 Bf6 {Followed by b5 is
good for black.}) 20... Bxb2 21. Qxb2 $4 {Played after a long think, but still
on general ground. It's easy to like the move, Nf5 is coming and that hits
both g7 and e3. And who wants a knight on b2? However chess is a game of
tactics, not of general explanations.} (21. Nxb2 $1 g6 {Else Nf5!} 22. a4 {
Stopping counterplay based on b5.} (22. Qc3 Re8 23. Rae1 Qe7 24. Re2 {With
Rfe1 coming, if b5, white has Qa5! Black is more or less lost here.}) 22... Re8
23. Rae1 Qe7 24. Re2 {Is good for white, but even better seems 22 Qc3!}) 21...
b5 {Now white is dead lost.} 22. Nf5 Qg5 {The move I missed. Defending f5, and
hitting e3. Normally taking e3 is a winning response, but with a4 hanging it's
different.} 23. Nd6 {Hoping for some chances with the passed pawns, but its
nonsense.} bxa4 24. Nxc8 Bxc8 25. Qd4 Nf6 26. Rae1 Re8 27. d6 Nh3+ 28. Bxh3 (
28. Kh1 e2 29. Rxf6 Qxf6 30. d7 Bxd7 31. Qxd7 Rd8 32. Qxh3 Qf2 {Kills whites
last hope.}) 28... Bxh3 29. Rf4 Qa5 $1 {Exact to the end, this hangs e3, but
there are tactics in the air.} 30. Rxe3 Rxe3 31. Qxe3 axb3 {Due to the mating
threats I have to give the d-pawn.} 32. d7 Bxd7 33. axb3 Bh3 0-1

[Event "EU-ch 11th"]
[Site "Rijeka"]
[Date "2010.03.10"]
[Round "5"]
[White "Nisipeanu, Liviu Dieter"]
[Black "Pelletier, Yannick"]
[Result "1-0"]
[WhiteElo "2661"]
[BlackElo "2611"]
[Annotator "Nisipeanu,LD"]
[PlyCount "53"]
[EventDate "2010.03.06"]
[EventType "swiss"]
[EventRounds "11"]
[EventCountry "CRO"]
[SourceTitle "CBM 136"]
[Source "ChessBase"]
[SourceDate "2010.05.18"]
[SourceVersion "1"]
[SourceVersionDate "2010.05.18"]
[SourceQuality "1"]

1. d4 Nf6 2. c4 e6 3. Nf3 b6 4. g3 Ba6 5. Qc2 Bb7 6. Bg2 c5 7. d5 exd5 8. cxd5
Nxd5 9. O-O Be7 10. Rd1 Nc6 11. Qf5 Nf6 12. e4 d6 13. e5 Qd7 14. Qc2 $5 {
A novelty which I found almost 3 years ago, since I never really trusted
White's chances for an advantage in the endgame which results after 14.Qxd7+.
I do not claim, that the move in the game is better then 14.Qxd7+, in fact it
is probably worse, but I was counting on the surprise effect, because no
engine suggests this move.} Nb4 $1 {This move took my opponent some time.} (
14... Nd5 15. exd6 Ncb4 16. Qc4 Qxd6 17. a3 {is worse for Black.}) ({The only
reasonable alternative to the game continuation is} 14... Ng4 15. exd6 O-O-O
16. Nc3 Bf6 {with an unclear game.}) 15. Qe2 Ba6 $1 ({Worse is} 15... Nfd5 16.
a3 Na6 17. Rxd5 Bxd5 18. exd6 Qxd6 19. Bf4 Qe6 20. Qxa6 $16) 16. Qe1 Nc2 $1 {
Not an easy decision to take at the board, but the only right one!
Unfortunately for Yannick the precise moves cost him quite a lot of time and
already at this point he was experiencing some slight time pressure.} (16...
Nfd5 {is very risky, but just about playable. To be honest, I did not spend
much time on it before the game, since no human can play like this.} 17. Nc3 (
17. Ng5 O-O 18. e6 fxe6 19. Qxe6+ Qxe6 20. Nxe6 Rf5 21. a3 Nd3 22. Bxd5 Rxd5
23. Nc7 Rf5 24. Rxd3 Bxd3 25. Nxa8 Bf6 $13) (17. exd6 Qxd6 18. Nc3 O-O-O 19.
Nxd5 Nxd5 20. Ng5 Bxg5 21. Bxg5 Rhe8 22. Qd2 f6 23. Bxd5 fxg5 24. Bb7+ Kxb7 25.
Qxd6 Rxd6 26. Rxd6 Bb5 $14) 17... Nxc3 18. bxc3 Nd3 19. Qe3 Nxc1 20. Raxc1
O-O-O 21. Ng5 Bxg5 22. Qxg5 $14) 17. Qd2 Nxa1 18. exf6 Bxf6 19. Re1+ Be7 ({
After} 19... Kd8 20. Nc3 Re8 21. Rd1 {White has at least enough compensation.})
20. Nc3 O-O $6 {After finding all the right moves, Black finally makes a
mistake.} ({In time trouble it was not easy to decide on the right} 20... O-O-O
$1 {which basically would have called my 'bluff' for example:} 21. Nd5 (21. b4
Bf6 22. Bb2 Rhe8 23. Rxa1 Qf5 24. a4 {is maybe a better try.}) 21... Rhe8 22.
b4 Bf6 $1 (22... Bf8 23. Bb2 Rxe1+ 24. Nxe1 Qe6 25. Bxa1 Qe2 26. Qc1 $13) 23.
Nxf6 gxf6 24. Bb2 Rxe1+ 25. Nxe1 Re8 26. Bxa1 Re2 {and Black is probably
better here.}) 21. Ne5 Qc8 $6 (21... Qf5 {was the only way to stay in the game,
but even here White seems to be better after} 22. Bxa8 dxe5 (22... Rxa8 $2 23.
Qd5 Re8 24. Nc6 $18) 23. Be4 Qe6 24. Nd5 Bc4 25. Nxe7+ (25. b3 Bxd5 26. Bxd5
Qd6 27. Be4 Qxd2 28. Bxd2 f5 29. Bd5+ Kh8 30. Rxe5 $14) 25... Qxe7 26. b3 Bxb3
27. axb3 Nxb3 28. Bxh7+ Kxh7 29. Qc2+ Kg8 30. Qxb3 $14) 22. Nc6 Bd8 23. Nd5 $16
Qg4 24. b3 Bb7 25. h3 Qh5 $2 {A big mistake in time trouble.} ({The only move
was} 25... Qd7 {although after} 26. Nce7+ Kh8 27. Bb2 $16 {Black's position is
quite depressing.}) 26. Nce7+ Kh8 27. Nf4 {Big material losses are unavoidable
and Yannick decided to call it a day.} 1-0

[Event "Corus-B"]
[Site "Wijk aan Zee"]
[Date "2002.01.19"]
[Round "4"]
[White "Tregubov, Pavel V"]
[Black "Van der Wiel, John"]
[Result "1-0"]
[WhiteElo "2626"]
[BlackElo "2501"]
[Annotator "Oratovsky,M"]
[PlyCount "72"]
[EventDate "2002.01.15"]
[EventType "tourn"]
[EventRounds "11"]
[EventCountry "NED"]
[EventCategory "11"]
[SourceTitle "CBM 087"]
[Source "ChessBase"]
[SourceDate "2002.03.21"]
[SourceVersion "1"]
[SourceVersionDate "2002.03.21"]
[SourceQuality "1"]

{[%mdl 4104]} 1. d4 Nf6 2. c4 e6 3. Nf3 b6 4. g3 Ba6 5. Qa4 c5 6. Bg2 Bb7 7.
dxc5 bxc5 (7... Bxc5 $5 8. O-O (8. Nc3 O-O 9. O-O Be7 10. Rd1 Na6 11. Be3 Qc8
12. Rac1 Nc5 13. Qc2 Nce4 14. Bd4 Nxc3 15. Qxc3 Be4 16. Ng5 Bxg2 17. Qd3 $1 $14
{1-0 Sturua,Z-Gershon,A/Anibal Open ESP 2001/The Week in Chess 323 (64)}) 8...
O-O 9. b4 $6 Be7 10. Bb2 a5 11. b5 d6 $15 {[%csl Rc5][%cal Gb8d7,Gd7c5] 0-1
Len,I-Lakos,N/Tel Aviv ISR 2001/The Week in Chess 330 (40)}) 8. O-O Be7 9. Nc3
O-O 10. Bf4 (10. Rd1 a6 11. Bf4 d6 12. Rab1 h6 13. b4 Bc6 14. Qb3 cxb4 15. Qxb4
e5 16. c5 $36 {1-0 Piket,J-Sokolov,A/Ohrid MKD 2001/The Week in Chess 345 (43)}
) 10... d6 11. Rfd1 Qb6 12. Rab1 (12. Rd2 $5 {[%csl Rd6][%cal Ga1d1]}) (12. Qb5
$5 Rd8 13. Rd2 Qc7 14. Rad1 a6 15. Qa4 h6 $11 {1/2-1/2 Van de Mortel,J-Adams,M/
Leeuwarden NED 2000/The Week in Chess 283 (30)}) 12... Rd8 $146 (12... Na6 13.
Nb5 (13. a3 Rfd8 14. Qc2 h6 15. e4 Rac8 16. Qe2 Nb8 $5 {[%cal Gb8c6,Gc6d4] or}
(16... Bc6 17. e5 dxe5 18. Nxe5 Bxg2 19. Kxg2 Nb8 20. h4 Nc6 21. Nxc6 Qxc6+ 22.
Qf3 $14 {0-1 Piket,J-Gelfand,B/Monte Carlo 1999/CBM 69 ext (39)}) 17. e5 dxe5
18. Nxe5 Bxg2 19. Kxg2 Nc6 20. Nxc6 Qxc6+ 21. Qf3 Rd4 22. b3 Qb6 23. Na4 Qa6
24. Be5 $14 {1-0 Nikolic,P-Volke,K/Germany 1999/GER-chT (58)}) 13... d5 14. Ne5
d4 15. Bxb7 Qxb7 16. e3 dxe3 17. Bxe3 $14) (12... Nbd7 13. Rd2 Rfd8 14. Rbd1
Nf8 $13 {0-1 Dias,P-Chandler,M/Santo Antonio 2001/CBM 84/ (29)} 15. Qb5 $5) 13.
b4 Ne4 (13... Bc6 14. b5 Bb7 15. Qc2 $14 {[%cal Ge2e4]}) 14. Nxe4 Bxe4 15. bxc5
Qxc5 16. Rb5 Qc8 ({doesn't work} 16... Bc6 17. Nd4 $1 Bxb5 18. Nxb5 Nd7 19.
Bxa8 Rxa8 20. Bxd6 $16) 17. c5 $1 d5 18. Rxb8 Rxb8 19. Bxb8 Bxf3 {important
intermediate move. Black tries to equalize in endgame with opposite color
bishops. After} (19... Qxb8 20. Nd4 Qc7 21. Nc6 (21. Qc6 $5 $14) 21... Rc8 22.
Nxe7+ Qxe7 23. Bxe4 dxe4 24. c6 {[%csl Gc6][%cal Gc6c7]} e3 25. fxe3 Qc5 26.
Qa6 $16) 20. Bxf3 Qxb8 21. c6 Qb6 22. e4 $1 {Now or never!} dxe4 $6 ({best
attempt was} 22... d4 23. e5) 23. Rxd8+ Qxd8 24. Bxe4 $14 {now white has
stable edge} Qc7 25. h4 g6 $6 {another inaccuracy. Better was} (25... h5 {
with still defendible position}) 26. h5 Bc5 27. Qb3 Qe5 28. h6 {[%csl Rg8,Rh7]}
Qxe4 $4 {Decisive mistake,probably in timetrouble.} (28... Bb6 29. Qd3 Qb2 $132
{[%csl Rf2][%cal Gb6f2,Gb2f2]}) 29. Qc3 $18 Bxf2+ 30. Kxf2 Qf5+ 31. Kg1 e5 32.
c7 Qb1+ 33. Kh2 Qxa2+ 34. Kh3 Qe6+ 35. g4 Qc8 36. Qxe5 Qb7 1-0